Gold Cobra Tracklist (Limp Bizkit) - Statistics

General Stats
  • This quiz has been taken 5 times
  • The average score is 8 of 16
Answer Stats
Hint Answer % Correct
3 Gold Cobra
100%
5 Get A Life
80%
6 Shotgun
80%
11 90.2.10
60%
10 Autotunage
60%
4 Shark Attack
60%
16 Angels
40%
14 Back Porch
40%
2 Bring It Back
40%
7 Douche Bag
40%
1 Introbra
40%
13 Killer In You
40%
9 Loser
40%
15 My Own Cobain
40%
8 Walking Away
40%
12 Why Try
40%
No matching quizzes found
Score Distribution
Percent of People with Each Score
Percentile by Number Answered
Your Score History
You have not taken this quiz